Départements français - Mort subite - Statistiques

Statistiques générales
  • Ce quiz a été pris 569 fois
    208 depuis la dernière actualisation
  • Le résultat moyen est 10 sur 16
Answers on the Grid
Answers color-coded by a green-red scale on the quiz's grid according to % correct below.
Belfort
Var
Gare
Aquitaine
Anjou
Picardie
Rhône-et-Loire
Pyrénées
Mons
Valais
Seine et Loire
Ariège
Creuse
Alsace
Aisne
Manche
Haute-Yonne
Dordogne
Guyane
Cantal
Corse-du-Nord
Trois-Sèvres
Somme
Sarthe
Loir-et-Cher
Gers
Hérault
Moselle
Landes
Roussillon
Haute-Provence
Ain
 
Statistiques - réponses
Réponse % Correct
Var
73%
Ain
70%
Hérault
68%
Sarthe
66%
Aisne
64%
Ariège
64%
Creuse
64%
Gers
64%
Somme
64%
Cantal
63%
Landes
63%
Loir-et-Cher
63%
Manche
62%
Dordogne
61%
Guyane
60%
Moselle
60%
Aucun quiz correspondant
Distribution des résultats
% des personnes avec chaque résultat
Percentile par nombre de réponses
Votre historique - résultats
Vous n’avez pas pris ce quiz depuis la dernière actualisation